00644nam a2200205Ia 4500003000900000008004100009040001600050080001600066100002400082245006900106260003100175300001500206650003300221650001900254650002800273650002300301942000700324999001500331952009200346IN-BaIIA211028s9999 xx 000 0 eng d cIIA Library a535.33bING aIngram, D J E92995 0aSpectroscopy at radio and microwave frequenciescD. J. E. Ingram aLondonbButterworthsc1955 axii, 332p. aMicrowave Spectroscopy92765 aNASA Thesaurus aRadio Frequencies92996 aSpectroscopy91535 cBK c1475d1475 00104070aBANbBANcGENd0000-00-00l0o535.33/ INGp1590r2021-11-05w0000-00-00yBK